000 00624nam a2200229Ia 4500
003 OSt
005 20221007070845.0
006 a|||||r|||| 00| 0
007 ta
008 221006b |||||||| |||| 00| 0 eng d
024 _a12,018
037 _cTextual
040 _aFLL
_cFLL
_beng
041 _2eng
_aeng
082 _aV2:2:Z, M5
100 _aChaturvedi R.G. Au.
245 0 _aAmendment of the constitution
260 _aJaipur
_bInstitute for research and advanced studies India
_c1985
300 _a218p
_ccm.
942 _hV2:2:Z, M5
_cTEXL
_2CC
999 _c1141753
_d1141753